Losing weight but not starving to death (Record no. 79649)
[ view plain ]
| 000 -LEADER | |
|---|---|
| fixed length control field | 01112cab a22001935a 4500 |
| 001 - CONTROL NUMBER | |
| control field | L141894 |
| 008 - FIXED-LENGTH DATA ELEMENTS--GENERAL INFORMATION | |
| fixed length control field | 080109s2007 xxkd f 000 0 eng d |
| 035 ## - SYSTEM CONTROL NUMBER | |
| System control number | (Sirsi) u141894 |
| 041 0# - LANGUAGE CODE | |
| Language code of text/sound track or separate title | eng |
| 100 1# - MAIN ENTRY--PERSONAL NAME | |
| Personal name | Cook, Lucian |
| 245 00 - TITLE STATEMENT | |
| Title | Losing weight but not starving to death |
| 260 ## - PUBLICATION, DISTRIBUTION, ETC. | |
| Date of publication, distribution, etc. | 2007 |
| 490 ## - SERIES STATEMENT | |
| Series statement | Property Forecast |
| Volume/sequential designation | 10(12) December 2007, 4-5(2) |
| 520 ## - SUMMARY, ETC. | |
| Summary, etc. | Considers the prospects for the housing market in 2008. Argues that short term fluctuations are being presented as long term trends in the national press. Acknowledges that the major problems are of lack of supply and affordability. Sentiment among agents and developers has also been eroded by consistently falling indices figures which have been reported in a high profile manner. Suggests that the most likely scenario is a repeat of 2005, a year of low growth and low transaction numbers which was followed by a more buoyant year. Concludes that a year of austerity will correct any long term problems. |
| 590 ## - LOCAL NOTE (RLIN) | |
| Local note | KA |
| 651 #4 - SUBJECT ADDED ENTRY--GEOGRAPHIC NAME | |
| Geographic name | United Kingdom |
| Chronological subdivision | |
| 690 ## - LOCAL SUBJECT ADDED ENTRY--TOPICAL TERM (OCLC, RLIN) | |
| Topical term or geographic name as entry element | PROPERTY-PROPERTY MARKET-RESIDENTIAL PROPERTY MARKET |
| 942 ## - ADDED ENTRY ELEMENTS (KOHA) | |
| Suppress in OPAC | 0 |
| Withdrawn status | Lost status | Source of classification or shelving scheme | Damaged status | Not for loan | Home library | Current library | Shelving location | Date acquired | Total Checkouts | Full call number | Barcode | Date last seen | Copy number | Price effective from | Koha item type |
|---|---|---|---|---|---|---|---|---|---|---|---|---|---|---|---|
| Dewey Decimal Classification | London | London | Journal article | 09/01/2008 | L141894 | 141894-1001 | 06/08/2019 | 1 | 06/08/2019 | Journal article |